Movies Quiz

Random Movies or Disney Quiz

Seven Dwarfs Quiz Stats

 Plays Quiz Updated Mar 19, 2020

     
Support Sporcle.
Go Orange.
Score 0/7 Timer 00:30
27 Plays Today
Dwarf % Correct
Grumpy
96%
Sleepy
95.6%
Sneezy
90.9%
Happy
88.7%
Dopey
85.5%
Doc
83.3%
Bashful
81.5%

From the Vault

The Last Word: James Bond Actors

by Flick

Movies 6m
James Bond's last word is often "stirred".
Remove Ads.
Support Sporcle.
Get the best of Sporcle when you Go Orange. This ad-free experience offers more features, more stats, and more fun while also helping to support Sporcle. Thank you for becoming a member.

Show Comments

Extras

Top Quizzes Today


Score Distribution

Your Account Isn't Verified!

In order to create a playlist on Sporcle, you need to verify the email address you used during registration. Go to your Sporcle Settings to finish the process.

Report this User

Report this user for behavior that violates our Community Guidelines.

Details: